000 00863namaa2200253 i 4500
001 175020
003 ES-MaACL
005 20230906215726.0
008 100930s2000 sp | |||| ||spa d
020 _a84-393-5194-1
080 _a364.65-054.72(460)
100 1 _aPujol, Jordi.
_994337
245 1 0 _aAnte el gran reto de la inmigración
_b: Casino de Madrid, 4 de julio de 2000 /
_cJordi Pujol.
250 _a1ª ed.
260 _a[Barcelona] :
_bDepartament de la Presidència,
_c2000.
300 _a33 p. ;
_c20 cm.
490 1 _aCol-lecció missatges ;
_v25
650 4 _aEmigración e inmigración-
_xPolítica gubernamental-
_zEspaña.
_9143373
710 0 _aCasino de Madrid.
_92488
710 1 _aCataluña.
_bGeneralidad.
_9137850
830 0 _aCol-lecció missatges ;
_v25
_9223835
852 _aES-MaACL
_j2257-F-11
999 _c175020
_d175020